Normal view
MARC view
Entry Personal Name
001 - CONTROL NUMBER
- control field: 28484
003 - CONTROL NUMBER IDENTIFIER
- control field: ARRUPE
005 - DATE AND TIME OF LATEST TRANSACTION
- control field: 20170126120947.0
008 - FIXED-LENGTH DATA ELEMENTS
- fixed length control field: 170126|| aca||aabn | a|a d
040 ## - CATALOGING SOURCE
- Original cataloging agency: ARRUPE
- Transcribing agency: ARRUPE
100 ## - HEADING--PERSONAL NAME
- Personal name: Musodzi, Elizabeth
670 ## - SOURCE DATA FOUND
- Source citation: Work cat.: (ARRUPE)67640: Yoshikuni, Tsuneo 27953, Elizabeth Musodzi and the birth of African Feminism in early colonial Zimbabwe